States with the Most Waffle House Locations - Statistics

General Stats
  • This quiz has been taken 56 times
  • The average score is 9 of 10
Answer Stats
Answer % Correct
185 Florida
98%
121 Texas
98%
153 Alabama
96%
183 North Carolina
93%
171 South Carolina
93%
433 Georgia
91%
134 Tennessee
85%
88 Mississippi
83%
99 Louisiana
80%
80 Ohio
59%
No matching quizzes found
Score Distribution
Percent of People with Each Score
Percentile by Number Answered
Your Score History
You have not taken this quiz